书目信息 |
| 题名: |
北方栽桑养蚕
|
|
| 作者: | 李晚忱 , 肖小平 编著 | |
| 分册: | ||
| 出版信息: | 北京 世界图书出版公司 1995.05 |
|
| 页数: | 174页 | |
| 开本: | 19cm | |
| 丛书名: | ||
| 单 册: | ||
| 中图分类: | S888.4 | |
| 科图分类: | ||
| 主题词: | 蚕业 , 蚕桑生产 , 蚕桑业 | |
| 电子资源: | ||
| ISBN: | 7-5062-2148-9 | |
| 000 | 00682nam0 2200229 450 | |
| 001 | 0856304731 | |
| 005 | 20080922154113.45 | |
| 010 | @a7-5062-2148-9@dCNY4.80 | |
| 100 | @a20080922d1995 km y0chiy0120 ea | |
| 101 | 0 | @achi |
| 102 | @aCN@b110000 | |
| 200 | 1 | @a北方栽桑养蚕@Abei fang zai sang yang can@f李晚忱,肖小平编著@Fli wan chen,xiao xiao ping bian zhu |
| 210 | @a北京@c世界图书出版公司@d1995.05 | |
| 215 | @a174页@d19cm | |
| 606 | 0 | @a蚕业 |
| 606 | 0 | @a蚕桑生产 |
| 606 | 0 | @a蚕桑业 |
| 690 | @aS888.4@v4 | |
| 701 | 0 | @a李晚忱@Ali wan chen@4编著 |
| 701 | 0 | @a肖小平@Axiao xiao ping@4编著 |
| 801 | 0 | @aCN@b大连网信软件有限公司图书馆·11@c20080922 |
| 905 | @aBZT@dS888.4@e25 | |
| 北方栽桑养蚕/李晚忱,肖小平编著.-北京:世界图书出版公司,1995.05 |
| 174页;19cm |
| ISBN 7-5062-2148-9:CNY4.80 |
| ● |
| 相关链接 |
|
|
|
正题名:北方栽桑养蚕
索取号:S888.4/25
 
预约/预借
| 序号 | 登录号 | 条形码 | 馆藏地/架位号 | 状态 | 备注 |
| 1 | 066378 | 201270622 | 中心书库中库/ 中库031架A面6列4层1/ [索取号:S888.4/25] | 在馆 |